Every Song by All Time Low - Statistics

General Stats
  • This quiz has been taken 109 times
    26 since last reset
  • The average score is 52 of 163
Answer Stats
Album Song % Correct
So Wrong, It's Right(2008) Dear Maria, Count Me In
92%
So Wrong, It's Right(2008) Remembering Sunday
92%
Nothing Personal(2009) Damned If I Do Ya (Damned If I Don't)
75%
Last Young Renegade(2017) Last Young Renegade
75%
Nothing Personal(2009) Lost In Stereo
75%
Future Hearts(2015) Missing You
75%
Future Hearts(2015) Old Scars/Future Hearts
75%
Future Hearts(2015) Something's Gotta Give
75%
Nothing Personal(2009) Therapy
75%
Don't Panic: It's Longer Now!(2013) A Love Like War
67%
Nothing Personal(2009) Break Your Little Heart
67%
Nothing Personal(2009) Stella
67%
Future Hearts(2015) Tidal Waves
67%
Wake Up Sunshine(2020) Wake Up, Sunshine
67%
Nothing Personal(2009) Weightless
67%
Last Young Renegade(2017) Afterglow
58%
Put Up or Shut Up(2006) Coffee Shop Soundtrack
58%
Last Young Renegade(2017) Dirty Laundry
58%
Don't Panic(2012) For Baltimore
58%
Future Hearts(2015) Kids In the Dark
58%
So Wrong, It's Right(2008) Poppin' Champagne
58%
So Wrong, It's Right(2008) Six Feet Under the Stars
58%
Tell Me I'm Alive(2023) Sleepwalking
58%
Tell Me I'm Alive(2023) Tell Me I'm Alive
58%
Dirty Work(2011) Time Bomb
58%
Nothing Personal(2009) Walls
58%
Nothing Personal(2009) A Party Song (The Walk of Shame)
50%
Don't Panic(2012) Backseat Serenade
50%
Future Hearts(2015) Cinderblock Garden
50%
Everyone's Talking!(2025) Everyone's Talking
50%
Last Young Renegade(2017) Good Times
50%
Put Up or Shut Up(2006) Jasey Rae
50%
Dirty Work(2011) Merry Christmas, Kiss My Ass
50%
Wake Up Sunshine(2020) Monsters
50%
Nothing Personal(2009) Sick Little Games
50%
Don't Panic(2012) Somewhere In Neverland
50%
So Wrong, It's Right(2008) The Beach
50%
So Wrong, It's Right(2008) Vegas
50%
Everything Is Fine on Your Birthday(2018) Birthday
42%
The Party Scene(2005) Break Out! Break Out!
42%
Don't Panic: It's Longer Now!(2013) Canals
42%
The Party Scene(2005) Circles
42%
So Wrong, It's Right(2008) Come One, Come All
42%
Future Hearts(2015) Dancing with a Wolf
42%
Last Young Renegade(2017) Drugs & Candy
42%
Everything Is Fine on Your Birthday(2018) Everything is Fine
42%
Last Young Renegade(2017) Ground Control
42%
Dirty Work(2011) Guts
42%
Nothing Personal(2009) Hello, Brooklyn
42%
So Wrong, It's Right(2008) Holly (Would You Turn Me On?)
42%
Dirty Work(2011) I Feel Like Dancin'
42%
Don't Panic(2012) If These Sheets Were States
42%
Wake Up Sunshine(2020) January Gloom (Seasons, Pt 1)
42%
Nothing Personal(2009) Keep The Change, You Filthy Animal
42%
Future Hearts(2015) Kicking & Screaming
42%
So Wrong, It's Right(2008) Let It Roll
42%
Last Young Renegade(2017) Life of the Party
42%
Last Young Renegade(2017) Nice2KnoU
42%
Last Young Renegade(2017) Nightmares
42%
Don't Panic(2012) Paint You Wings
42%
Nothing Personal(Bonus)(2009) Poison
42%
Future Hearts(2015) Satellite
42%
So Wrong, It's Right(2008) Shameless
42%
Wake Up Sunshine(2020) Some Kind of Disaster
42%
So Wrong, It's Right(2008) Stay Awake (Dreams Only Last for a Night)
42%
Wake Up Sunshine(2020) Summer Daze (Seasons, Pt 2)
42%
Don't Panic(2012) The Irony of Choking on a Lifesaver
42%
Don't Panic(2012) The Reckless and the Brave
42%
So Wrong, It's Right(2008) This is How We Do
42%
Non-Album(2009) Toxic Valentine
42%
Dirty Work(2011) A Daydream Away
33%
Future Hearts(2015) Bail Me Out
33%
Last Young Renegade(2017) Dark Side of Your Room
33%
Future Hearts(2015) Don't You Go
33%
Dirty Work(2011) Get Down on Your Knees and Tell Me You Love Me
33%
Don't Panic: It's Longer Now!(2013) Oh, Calamity!
33%
Don't Panic(2012) Outlines
33%
Future Hearts(2015) Runaways
33%
The Party Scene(2005) Running from Lions
33%
Don't Panic(2012) So Long Soldier
33%
Dirty Work(2011) That Girl
33%
The Party Scene(2005) The Girl's a Straight Up Hustler
33%
The Party Scene(2005) The Party Scene
33%
Everyone's Talking!(2025) The Weather
33%
Nothing Personal(2009) Too Much
33%
Everyone's Talking!(2025) Bubblegum
25%
Everyone's Talking!(2025) Butterflies
25%
Tell Me I'm Alive(2023) Calm Down
25%
Everyone's Talking!(2025) Cigarettes & Sabotage
25%
Everyone's Talking!(2025) [cold open]
25%
Dirty Work(2011) Do You Want Me (Dead?)
25%
Tell Me I'm Alive(2023) English Blood // American Heartache
25%
Everyone's Talking!(2025) Goodnight, C'est La Vie
25%
The Three Words to Remember in Dealing with the End EP(2004) Hit the Lights (A Tribute to a Night I'll Never Remember)
25%
The Party Scene(2005) Interlude
25%
Straight to DVD II: Past, Present and Future Hearts(2016) | Straight to DVD(2010) Intro
25%
Tell Me I'm Alive(2023) Kill Ur Vibe
25%
The Party Scene(2005) Lullabies
25%
Non-Album(2021) Once in a Lifetime
25%
Non-Album(2021) PMA
25%
The Party Scene(2005) Prelude
25%
Wake Up Sunshine(2020) Pretty Venom (Interlude)
25%
Wake Up Sunshine(2020) Sleeping In
25%
Don't Panic(2012) So Long, and Thanks for All the Booze
25%
Everyone's Talking!(2025) SUCKERPUNCH
25%
Everyone's Talking!(2025) Sugar
25%
Future Hearts(2015) The Edge of Tonight
25%
Don't Panic(2012) To Live and Let Go
25%
Dirty Work(2011) Under a Paper Moon
25%
Future Hearts(Bonus)(2015) Bottle and a Beat
17%
Last Young Renegade(Bonus)(2017) Chemistry
17%
Non-Album(2023) Fake as Hell
17%
Wake Up Sunshine(2020) Getaway Green
17%
Dirty Work(2011) Heroes
17%
The Party Scene(2005) I Can't Do the One-Two Step
17%
Everyone's Talking!(2025) Little Bit
17%
The Party Scene(2005) Noel
17%
Everyone's Talking!(2025) Oh No!
17%
Non-Album(2011) Painting Flowers
17%
Don't Panic(2012) Thanks to You
17%
Everyone's Talking!(2025) Tread Water
17%
Last Young Renegade(Bonus)(2017) Vampire Shift
17%
Everyone's Talking!(2025) Viva Las Vegas Nerve
17%
Tell Me I'm Alive(2023) Are You There?
8%
Wake Up Sunshine(2020) Basement Noise
8%
Straight to DVD II: Past, Present and Future Hearts(2016) Caroline
8%
Everyone's Talking!(2025) Different Languages
8%
Everyone's Talking!(2025) Falling for Strangers
8%
Wake Up Sunshine(2020) Favorite Place
8%
Dirty Work(2011) Forget About It
8%
Wake Up Sunshine(2020) Glitter & Crimson
8%
Non-Album(2024) Hate This Song
8%
Tell Me I'm Alive(2023) I'd Be Fine (If I Never Saw You Again)
8%
Dirty Work(2011) Just The Way I'm Not
8%
The Three Words to Remember in Dealing with the End EP(2004) Last Flight Home
8%
Don't Panic: It's Longer Now!(2013) Me Without You (All I Ever Wanted)
8%
Tell Me I'm Alive(2023) Modern Love
8%
Dirty Work(2011) No Idea
8%
Wake Up Sunshine(2020) Safe
8%
The Party Scene(2005) Sticks, Stones, and Techno
8%
Straight to DVD II: Past, Present and Future Hearts(2016) Take Cover
8%
Wake Up Sunshine(2020) Trouble Is
8%
The Party Scene(2005) We Say Summer
8%
Dirty Work(2011) Bad Enough for You
0%
Wake Up Sunshine(2020) Clumsy
0%
The Party Scene(2005) Hometown Heroes, National Nobodies
0%
Future Hearts(Bonus)(2015) How the Story Ends
0%
Wake Up Sunshine(Bonus)(2020) I Hate That for You
0%
All Time Low Demo(2003) Light the Way
0%
Tell Me I'm Alive(2023) Lost Along the Way
0%
Wake Up Sunshine(2020) Melancholy Kaleidoscope
0%
The Three Words to Remember in Dealing with the End EP(2004) Memories That Fade Like Photographs
0%
Dirty Work(2011) My Only One
0%
All Time Low Demo(2003) My Paradise
0%
Tell Me I'm Alive(2023) New Religion
0%
Dirty Work(2011) Return the Favor
0%
The Three Words to Remember in Dealing with the End EP(2004) The Next Best Thing
0%
Tell Me I'm Alive(2023) The Other Side
0%
Tell Me I'm Alive(2023) The Sound of Letting Go
0%
Tell Me I'm Alive(2023) The Way You Miss Me
0%
All Time Low Demo(2003) We All Fall Down
0%
Future Hearts(Bonus)(2015) Your Bed
0%
No matching quizzes found
Score Distribution
Percent of People with Each Score
Percentile by Number Answered
Your Score History
You have not taken this quiz since the last reset